000 00592nam a2200229Ia 4500
003 0100
008 130227s9999 xx 000 0 und d
040 _cARRUPELIB
050 _aB765.T54S399 2007
100 _aSchwartz, Daniel
245 _aAquinas on friendship
260 _aOxford
260 _bClarendon Press
260 _C2007
300 _axviii
300 _b 189p. 23cm.
440 _aOxford Philosophical Monographs
650 _bPolice power - United States
650 _cTaxing power - United States
650 _dEminent domain - United States
942 _2lcc
_01
999 _c3488
_d3488